000 00865nam a22003137a 4500
001 BR0809082
003 BR-BrBNA
005 20230928102817.0
007 ta
008 230509b bl.||||| |||| 00| 0 por d
040 _aBR-BrBNA
_bpor
_cBiblioteca Nacional de Agricultura
041 _a(Por)
072 _aE70
090 _ E70 BR0809082
100 1 _aCamelo, A.S.R.
100 1 _aAraújo, W.V. de
110 1 _aCompanhia Nacional de Abastecimento, Brasília, DF (Brasil)
245 1 _aValor da receita bruta da agropecuária brasileira 1999
260 3 _aBrasília, DF (Brasil):
_c2000.
300 _avp.
650 _aAGRICULTURA
650 _aPECUÁRIA
650 _aMÉTODO ESTATÍSTICO
650 _aPREÇO
650 _aCOMERCIALIZAÇÃO
650 _aESTATÍSTICA DE PRODUÇÃO
909 _a202309
_bLucia
_c55
_dLucia Elande
942 _cBK
999 _c72537
_d72537